000 00625nam a2200181Ia 4500
005 20260601193301.0
008 260601s9999||||xx |||||||||||||| ||und||
020 _a978-3-031-70947-0
_qebk
100 _aIbrahim (Abe) M. Elfadel
245 0 _aVLSI-SoC 2023: Innovations for Trustworthy Artificial Intelligence
250 _a2024
260 _aHeidelberg, Germany
_bSpringer Nature
_c2024
440 _aIFIP Advances in Information and Communication Technology
650 _aComputer Science
700 _aLutfi Albasha
856 _uhttps://link.springer.com/openurl?genre=book&isbn=978-3-031-70947-0
942 _cEB
_2ddc
999 _c57022
_d57022